| 000 | 00498nam a2200145Ia 4500 | ||
|---|---|---|---|
| 008 | 180921t xxu||||| ||||o00| 0 eng d | ||
| 041 | _aeng | ||
| 080 | _aVol.1 1707 - 1879 | ||
| 245 | _aordinance : No.12 of 1896. An ordinance To Incorporate The Consistory of The Dutch Reformed Church At Wolfendahl, Colombo. | ||
| 300 | _ap.192-195, 23 cm | ||
| 650 |
_aOrdinance _aTemporal Affairs Of Churches ( Dutch Reformed Church ) |
||
| 942 | _cBK | ||
| 999 |
_c49150 _d49150 |
||
| 003 | LK-CoDNM | ||
| 040 |
_aLK-CoDNM _dLK-CoDNM _eLK-CoDNM |
||